| 000 | 00931nam a22002657i 4500 | ||
|---|---|---|---|
| 003 | EG-ScBUE | ||
| 005 | 20221120052537.0 | ||
| 008 | 220731s1996 ua f 000 j ara d | ||
| 020 | _a977554713X | ||
| 040 |
_aEG-ScBUE _bara _erda _cEG-ScBUE _dEG-ScBUE |
||
| 082 | 0 | 4 |
_222 _a892.736 _bب ك ر |
| 100 | 1 |
_aبكر، سلوى، _d1949- _eمؤلف. |
|
| 245 | 1 | 0 |
_aإيقاعات متعاكسة : _bقصص / _cسلوى بكر. |
| 250 | _aالطبعة الأولى. | ||
| 264 | 1 |
_aالقاهرة : _bدار النديم للصحافة والنشر والتوزيع، _c1996. |
|
| 300 |
_a162 صفحة ؛ _c18 سم |
||
| 336 |
_2rdacontent _aنص _btxt |
||
| 337 |
_2rdamedia _aبدون وسيط _bn |
||
| 338 |
_2rdacarrier _aمجلد _bnc |
||
| 541 | _aBook from store. | ||
| 650 | 7 |
_aالقصص القصيرة العربية. _yقرن 20. _2BUEsh |
|
| 653 |
_bARALIT _cNovember2022 |
||
| 655 | _vReading book | ||
| 942 | _2ddc | ||
| 999 |
_c29989 _d29960 |
||